Datum a čas kvízu
19.5
Celkem bodů
Celkový počet nahraných bodů na tomto kvízu bez doplňovacích otázek.
4.
Pořadí na kvízu
Konečné umístění týmu na tomto kvízu.
Zaznamenané odpovědi
| # | Otázka | Odpověď | Body | Výsledky |
|---|---|---|---|---|
| 1. | Jeden myslivec šel v minulých... | tabák | 0 | |
| 2. | Prezident Umar al-Bašír pod tl... | v Súdánu | 0 | |
| 3. | Deset koncertů a dost! Jak se... | Spirituál kvintet | 1 | |
| 4. | Na konci března ochranka pražs... | Raiffeisenbank | 1 | |
| 5. | Bývalý kapitán reprezentace On... | ve volejbale | 1 | |
| 6. | V tomto tématu se podíváme na... | Všechno bude, Zelená kniha | 0 | |
| 5. | Jak se jmenuje komediální road... | Blbý a blbější | 0 | |
| 8. | Na komediální road movie Pařba... | Bangkok | 1 | |
| 5. | V roce 1984 natočil režisér Wi... | Paříž, Texas | 0 | |
| 10. | Jistou formou road movies jsou... | v Argentině | 0 |